000
00299 a2200097 4500
020
_a
9789347624285
100
_a
Abhijith Prakash
245
_a
Veendum thalirkkunna chillakal(വീണ്ടും തളിർക്കുന്ന ചില്ലകൾ)
260
_b
Story slate
_c
2025
942
_c
OO
999
_c
115937
_d
115936